Best Selling Mario Games - Statistics

General Stats
  • This quiz has been taken 60 times
    46 since last reset
  • The average score is 16 of 25
Answer Stats
Sales System Year Answer % Correct
40.24 NES 1985 Super Mario Bros
100%
12.80 Wii 2007 Super Mario Galaxy
83%
30.80 DS 2006 New Super Mario Bros
80%
8.45 Wii U 2014 Mario Kart 8
77%
30.32 Wii 2009 New Super Mario Bros Wii
77%
11.91 N64 1996 Super Mario 64
77%
37.38 Wii 2008 Mario Kart Wii
73%
12.77 3DS 2011 Super Mario 3D Land
73%
17.28 NES 1988 Super Mario Bros 3
73%
18.14 GB 1989 Super Mario Land
73%
18.99 Switch 2017 Super Mario Odyssey
73%
20.61 SNES 1990 Super Mario World
73%
18.92 3DS 2011 Mario Kart 7
70%
28.99 Switch 2017 Mario Kart 8 Deluxe
67%
23.60 DS 2005 Mario Kart DS
63%
13.37 3DS 2012 New Super Mario Bros 2
60%
8.32 Switch 2019 New Super Mario Bros. U Deluxe
60%
11.18 GB 1992 Super Mario Land 2: 6 Golden Coins
60%
9.87 N64 1996 Mario Kart 64
57%
8.76 SNES 1992 Super Mario Kart
57%
8.85 Wii 2007 Mario Party 8
50%
11.06 DS 2004 Super Mario 64 DS
50%
12.10 Switch 2018 Super Mario Party
37%
9.31 DS 2007 Mario Party DS
30%
10.55 SNES 1993 Super Mario All-Stars
30%
No matching quizzes found
Score Distribution
Percent of People with Each Score
Percentile by Number Answered
Your Score History
You have not taken this quiz since the last reset